Дело о награждении чином ординарного профессора Московского университета М.Я. Мудрова

Доступно только в Электронных читальных залах Найти на картеНа карте
RUSMARC
00004078nmc2a2200000 x 450
001f5c75411-dd3e-4437-a5aa-ae52f0c33d80
00520151215120113.0
100##$a20150821l18311831k l0rusy0189 ca
1010#$arus
102##$aRU
2001#$aДело о награждении чином ординарного профессора Московского университета М.Я. Мудрова
$j20-27 февраля 1831 г.
251##$cДело
300##$aДело
300##$aОриг. заголовок дела: Дело по указу Правительствующего Сената о награждении ординарного профессора Московского университета Мудрова чином действительного статского советника. 20 февраля 1831 г. - 27 февраля 1831 г
801#0$aRU
$bРГИА
$c20150821
$gRCR
801#1$aRU
$bГлавНИВЦ
$c20150821
$2rusmarc
801#2$aRU
$bПБ им. Б.Н. Ельцина
$c20151215
$gRCR
$2rusmarc
850##$aРГИА
852##$aРГИА
$eФедеральное казенное учреждение "Российский государственный исторический архив" (РГИА)
$j272
937##$hРГИА
$d12091412
$aASBIBLIO_SCAN
462#0$100110dcdccd-ec79-4ee8-a204-b9d031b41c04
$12001
$aМедицинские дела Департамента народного просвещения
$1251
$cОпись
$1852
$j99
461#0$1001a74412a3-3cc5-4d21-8f0a-dfe2fbd9e72d
$12001
$aДепартамент народного просвещения Министерства народного просвещения
$1251
$cФонд
$1852
$j733
215##$a5 л.
$d36,5х26 см
371##$aДокумент не является опубликованным и широко распространяемым
105##$ay###
1222#$ad
5171#$aДело по указу Правительствующего Сената о награждении ординарного профессора Московского университета Мудрова чином действительного статского советника. 20 февраля 1831 г. - 27 февраля 1831 г
035##$af5c75411-dd3e-4437-a5aa-ae52f0c33d80
Формат отображения